000 00564nam a2200181Ia 4500
008 090124s9999 xx 000 0 und d
082 _b32403
100 _aभागवत महेश
245 _a असे हे शिवराय
250 _a0
260 _bसुनंदा बालकृष्ण भागवत
_c1981
300 _a24
600 _aभागवत महेश
630 _a असे हे शिवराय
700 _aभागवत महेश
730 _a असे हे शिवराय
942 _cBOOK
999 _c98114
_d98114